00793nam a2200217 i 4500001000700000003000900007005001700016007000300033008004100036080001600077245007900093260005300172300003000225500004300255500002500298650005000323700002800373852003300401999001900434952012200453128335ES-MaACL20230906193235.0t|070702s1967 fr ||||1| fre d a7(460)(036)00aGuide artistique de l'Espagne / cavec la collaboration de José Milicua. aParis : bPierre Tisné : bA. Hatier, c[1967] a559 p. : bil. ; c24 cm. aBiblioteca Jacinto Martínez Lacalle. aIndice geográfico.14aArte español-xGuías turísticas.9101931 aMilicua, José.981113 aES-MaACLjE-11795 bR.139793 c128335d128335 00104070aATENEOMbATENEOMcDEPO2d2008-01-17eSCl0oE-11795p1133663r2023-02-23 00:00:00w2023-02-23yMONOGRAFIA